ბათუმის შოთა რუსთაველის სახელმწიფო უნივერსიტეტის ბიბლიოთეკა

Основания и фундаменты (краткий курс). (ბიბ.ჩანაწერი № 46866)

000 -LEADER
fixed length control field 00672nam a2200217Ia 4500
001 - CONTROL NUMBER
control field 13718
003 - CONTROL NUMBER IDENTIFIER
control field GE_BSU
008 - FIXED-LENGTH DATA ELEMENTS--GENERAL INFORMATION
fixed length control field 181216s||||||||xx |||||||||||||| ||und||
040 ## - CATALOGING SOURCE
Transcribing agency GE_BSU
080 ## - UNIVERSAL DECIMAL CLASSIFICATION NUMBER
Universal Decimal Classification number 624.15
100 ## - MAIN ENTRY--PERSONAL NAME
Personal name Цытович,Н.А. Березанцев,В.Г. Далматов,Б.И. и др.
245 ## - TITLE STATEMENT
Title Основания и фундаменты (краткий курс).
245 ## - TITLE STATEMENT
Remainder of title Учебник.
245 ## - TITLE STATEMENT
Statement of responsibility, etc. Под ред. Н.А.Цытовича.
260 ## - PUBLICATION, DISTRIBUTION, ETC.
Place of publication, distribution, etc. М.
260 ## - PUBLICATION, DISTRIBUTION, ETC.
Name of publisher, distributor, etc. Высшая школа.
260 ## - PUBLICATION, DISTRIBUTION, ETC.
Date of publication, distribution, etc. 1970.
300 ## - PHYSICAL DESCRIPTION
Extent 384 стр. 22см. с илл.
653 ## - INDEX TERM--UNCONTROLLED
Uncontrolled term Основания и фундаменты.
942 ## - ADDED ENTRY ELEMENTS (KOHA)
Koha item type წიგნი
ეგზემპლარები
Withdrawn status Lost status Damaged status Not for loan Date acquired Barcode Date last seen Price effective from Koha item type
        2018-12-17 11634 2018-12-17 2018-12-17 წიგნი